000
00289nam a22001337a 4500
008
170331b xxu||||| |||| 00| 0 eng d
020
_a
9780892032051
041
_a
eng
080
_a
617
100
_a
8
101
_a
SHM
245
_a
ORTHOPAEDIC KNOWLEDGE
_c
ARENDT.E.A
942
_2
udc
_c
BK
999
_c
9313
_d
9313